00750nam a2200169 a 450000100100000000500170001000800410002704000250006808200150009311101020010824500630021026001480027330000200042104900090044195201130045099900170056300002782320200930031126.0110405s1983 dr 000 0 spa d aDO-SdBNPbspacBNPHU axxxxbS4712 aSeminario estudio de la familia del medio urbano pobred(1993, oct. 12-14:cSanto Domingo)95489510aSeminario :bestudio de la familia del medio urbano pobre. aSanto Domingo :bConsejo Nacional para la Niñez (CONANI):bOrganización Panamericana de la Salud-Organización Mundial de la Salud,c1983. a79 h. ;c26 cm. aBNPD 0010718PDaPDbPDcHDd2011-04-05iLF1l0oxxxx S471p27823-10r2020-06-25w2020-06-25yLFPDZNo se presta c27315d27315